| 000 | 00471pab a2200169 454500 | ||
|---|---|---|---|
| 008 | 180718b2006 xxu||||| |||| 00| 0 eng d | ||
| 100 | _aJayaraman, T.K. | ||
| 245 | _aEconomic growth in a vulnerable island nation: an empirical study of the AID-growth nexus in Vanuatu | ||
| 260 | _c2006 | ||
| 300 | _ap.93-112. | ||
| 362 | _aDec | ||
| 650 | _aEconomic growth | ||
| 700 | _aWard, B.D. | ||
| 773 | _aAsia-Pacific Development Journal | ||
| 908 | _aN | ||
| 909 | _a75448 | ||
| 999 |
_c75448 _d75448 |
||